Прикладной анализ данных: лабораторный практикум: лабораторный практикум
| Autor principal: | |
|---|---|
| Autor corporatiu: | |
| Altres autors: | , |
| Sumari: | Заглавие с титульного экрана В лабораторном практикуме представлены материалы для цикла лабораторных работ, выполняемых на персональных ЭВМ при изучении курса "Компьютерный анализ данных". Предназначен для приобретения практических навыков решения задач прикладной статистики и анализа случайных процессов у студентов, обучающихся по направлению 010400 "Прикладная математика и информатика" AM_TPU_network |
| Idioma: | rus |
| Publicat: |
Томск, Изд-во ТПУ, 2012
|
| Matèries: | |
| Accés en línia: | http://www.lib.tpu.ru/fulltext2/m/2012/m342.pdf |
| Format: | Electrònic Llibre |
| KOHA link: | https://koha.lib.tpu.ru/cgi-bin/koha/opac-detail.pl?biblionumber=218521 |
MARC
| LEADER | 00000nam0a2200000 4500 | ||
|---|---|---|---|
| 001 | 218521 | ||
| 005 | 20260421163807.0 | ||
| 035 | |a (RuTPU)RU\TPU\book\238551 | ||
| 090 | |a 218521 | ||
| 100 | |a 20120621d2012 m y0rusy50 ca | ||
| 101 | 0 | |a rus | |
| 102 | |a RU | ||
| 105 | |a a j 001zy | ||
| 135 | |a drcn ---uucaa | ||
| 181 | 0 | |a i |b e | |
| 182 | 0 | |a b | |
| 183 | 0 | |a cr |2 RDAcarrier | |
| 200 | 1 | |a Прикладной анализ данных: лабораторный практикум |e лабораторный практикум |f В. П. Иванченков, О. Н. Вылегжанин, Д. Ю. Степанов |g Национальный исследовательский Томский политехнический университет (ТПУ), Институт кибернетики (ИК), Кафедра прикладной математики (ПМ) | |
| 203 | |a Текст |c электронный |b визуальный | ||
| 210 | |a Томск |c Изд-во ТПУ |d 2012 | ||
| 283 | |a online_resource |2 RDAcarrier | ||
| 300 | |a Заглавие с титульного экрана | ||
| 330 | |a В лабораторном практикуме представлены материалы для цикла лабораторных работ, выполняемых на персональных ЭВМ при изучении курса "Компьютерный анализ данных". Предназначен для приобретения практических навыков решения задач прикладной статистики и анализа случайных процессов у студентов, обучающихся по направлению 010400 "Прикладная математика и информатика" | ||
| 371 | 0 | |a AM_TPU_network | |
| 452 | 1 | |0 (RuTPU)RU\TPU\book\241771 |t Прикладной анализ данных |o лабораторный практикум |f В. П. Иванченков, О. Н. Вылегжанин, Д. Ю. Степанов |g Национальный исследовательский Томский политехнический университет (ТПУ) |c Томск |n Изд-во ТПУ |d 2012 |p 91 с. |a Иванченков, Виктор Павлович | |
| 606 | 1 | |a Данные |x Анализ |2 stltpush |3 (RuTPU)RU\TPU\subj\70551 |9 84779 | |
| 606 | 1 | |a Случайные процессы |x Статистические методы изучения |2 stltpush |3 (RuTPU)RU\TPU\subj\65936 |9 82259 | |
| 610 | 1 | |a прикладная математика | |
| 610 | 1 | |a прикладная информатика | |
| 610 | 1 | |a прикладная статистика | |
| 610 | 1 | |a случайные процессы | |
| 610 | 1 | |a компьютерный практикум | |
| 610 | 1 | |a персональные компьютеры | |
| 610 | 1 | |a лабораторные работы | |
| 610 | 1 | |a учебные пособия | |
| 610 | 1 | |a труды учёных ТПУ | |
| 610 | 1 | |a электронный ресурс | |
| 675 | |a 004.6(076.5) |v 4 | ||
| 700 | 1 | |a Иванченков |b В. П. |c специалист в области информатики и вычислительной техники, геофизик |c доцент Томского политехнического университета, кандидат технических наук |f 1939- |g Виктор Павлович |3 (RuTPU)RU\TPU\pers\25396 |9 11339 | |
| 701 | 1 | |a Вылегжанин |b О. Н. |c специалист в области информатики и вычислительной техники |c доцент Томского политехнического университета, кандидат химических наук |f 1943- |g Олег Николаевич |3 (RuTPU)RU\TPU\pers\25385 |9 11328 | |
| 701 | 1 | |a Степанов |b Д. Ю. |c специалист в области информатики и вычислительной техники |c доцент Томского политехнического университета, кандидат технических наук |f 1971- |g Дмитрий Юрьевич |3 (RuTPU)RU\TPU\pers\25950 |9 11800 | |
| 712 | 0 | 2 | |a Национальный исследовательский Томский политехнический университет (ТПУ) |b Институт кибернетики (ИК) |b Кафедра прикладной математики (ПМ) |3 (RuTPU)RU\TPU\col\18700 |
| 801 | 2 | |a RU |b 63413507 |c 20130415 |g RCR | |
| 856 | 4 | 0 | |u http://www.lib.tpu.ru/fulltext2/m/2012/m342.pdf |z http://www.lib.tpu.ru/fulltext2/m/2012/m342.pdf |
| 942 | |c CF | ||